tecnología de la Construcción de Maquinaría

Bibliographic Details
Main Author: Egorov, M. E.
Format: Section = Libro
Language:Undetermined
Spanish
Published: Moscú Vneshtorgizdat 1983
Subjects:
LEADER 00554nam a2200181Ia 4500
008 240829s9999 xx 000 0 und d
040 |a BIBLIOTECA-RUPAP 621.89 E28 
041 |a spa 
082 |a 621.89 E28 
100 1 |a Egorov, M. E.  
245 1 0 |a tecnología de la Construcción de Maquinaría 
260 |a Moscú  |b Vneshtorgizdat  |c 1983 
300 |a 664 p. :il. 
650 7 |a MAQUINARIA-TECNOLOGIA 
650 7 |b  MAQUINAS-HERRAMIENTAS. I. Dementiev, V. I., coaut. II. Dmitriev, V. L., coaut. III. Tít. 
942 |c BK  |2 ddc 
991 |a TEXTO 
999 |c 9353